000 005470000a22001930004500
003 LK-CoMWRAF
005 20231106134039.0
008 230817t2001 ||||| |||| 00| 0 eng d
020 _a9555800561
040 _aLK-CoMWRAF
_dLK-CoMWRAF
_eLK-CoMWRAF
041 _aeng
082 _a808.0669
_bWIC
100 _aWickramasinghe, Nira
245 _aHistory Writing:
_b New Trends and Methodologies
260 _aColombo:
_bInternational Centre for Ethnic Studies,
_c2001
300 _aix, 98 p. ; 23 cm
650 _aHISTORY-Methodology
942 _cBK
999 _c282
_d282